Hills Task Force reports (Record no. 66984)

MARC details
000 -LEADER
fixed length control field 00759cam a2200181 4500
008 - FIXED-LENGTH DATA ELEMENTS--GENERAL INFORMATION
fixed length control field 000000n2001 000 0 eng u
035 ## - SYSTEM CONTROL NUMBER
System control number (Sirsi) u112546
245 ## - TITLE STATEMENT
Title Hills Task Force reports
260 ## - PUBLICATION, DISTRIBUTION, ETC.
Date of publication, distribution, etc. 2001
490 ## - SERIES STATEMENT
Series statement MAFF News Release
Volume/sequential designation (176/01) 9 May 2001 (1)
520 ## - SUMMARY, ETC.
Summary, etc. The Hills Task Force publishes its report. Some recommendations will be useful in helping the farming industry , especially the hills sector recover from the foot and mouth disease. Report available from Natasha Jones, tel 020 7270 8925, or from the MAFF website at http://www.maff.gov.uk/farm/ag2000.htm
590 ## - LOCAL NOTE (RLIN)
Local note WB
650 ## - SUBJECT ADDED ENTRY--TOPICAL TERM
Topical term or geographic name entry element MAFF
650 ## - SUBJECT ADDED ENTRY--TOPICAL TERM
Topical term or geographic name entry element HILLS TASK FORCE
650 ## - SUBJECT ADDED ENTRY--TOPICAL TERM
Topical term or geographic name entry element FOOT-AND-MOUTH DISEASE
690 ## - LOCAL SUBJECT ADDED ENTRY--TOPICAL TERM (OCLC, RLIN)
Topical term or geographic name as entry element RURAL-AGRICULTURE AND FORESTRY
942 ## - ADDED ENTRY ELEMENTS (KOHA)
Suppress in OPAC 0

No items available.